Zázemie pre amatérov Šarišské osvetové stredisko uchováva ľudové tradície, podporuje talenty

Podrobná bibliografia
Médium: Článok
Jazyk:slovenčina
ISSN:1336-4030
Predmet:
On-line prístup:www.vecernik.po.sk

MARC

LEADER 00000nab a2200000 a 4500
001 vtls008418714
003 SK-MaSNL
005 20260303070049.0
008 051215c20050728xo dr n 000 00slo
038 |a SVKPOCL 
040 |a SVKPOCL  |b slo  |c SVKPO  |e AACR2 
041 0 |a slo 
044 |a xo  |c SK 
080 |a 379.81(437.676)  |2 UDC-MRF-SK2 
245 0 0 |a Zázemie pre amatérov  |b Šarišské osvetové stredisko uchováva ľudové tradície, podporuje talenty  |c [autor] (ado) 
610 2 7 |a Šarišské osvetové stredisko (Prešov, Slovensko)  |2 svkpocl  |9 1056816 
650 0 7 |a činnosť  |2 svkpocl  |9 282874 
651 7 |a Prešov (Slovensko)  |2 svkpocl  |9 17347 
773 0 |t Prešovský večerník  |g Roč. XVI, č. 3763 (28.7.2005), s. 6  |x 1336-4030 
852 |a SVKPO  |b KIS3GCP 
856 4 1 |u www.vecernik.po.sk 
999 |c 1753772  |d 1755702